| 000 | 00840nam a2200313Ia 4500 | ||
|---|---|---|---|
| 008 | 170711s9999 xx 000 0 und d | ||
| 020 | _a816524327 | ||
| 050 | _a917.9 | ||
| 050 | _bZ98 2006 | ||
| 100 | _aZwinger, Ann | ||
| 245 | _aGrand Canyon : | ||
| 245 | _blittle things in a big place / | ||
| 245 | _cby Ann Zwinger ; photographs by Michael Collier. | ||
| 260 | _aUSA : | ||
| 260 | _bArizona, | ||
| 260 | _c2006 | ||
| 300 | _a79 pages : | ||
| 300 | _billustrations ; | ||
| 300 | _c25cm. | ||
| 500 | _aIncludes bibliographic reference. | ||
| 650 | _aGrand Canyon (Ariz.) -- | ||
| 650 | _aGrand Canyon (Ariz.) -- | ||
| 650 | _aNatural history -- Arizona -- | ||
| 650 | _xDescription and travel. | ||
| 650 | _xGrand Canyon. | ||
| 650 | _xPictorial works. | ||
| 700 | _aCollier, Michael. | ||
| 700 | _aTitle. | ||
| 999 |
_c339894 _d339894 |
||